Brands and Branding, (Record no. 6226)

MARC details
005 - DATE AND TIME OF LATEST TRANSACTION
control field 20250629165435.0
020 ## - INTERNATIONAL STANDARD BOOK NUMBER
International Standard Book Number 978-1-57660-350-5
082 ## - DEWEY DECIMAL CLASSIFICATION NUMBER
Classification number 658.827 CLI
100 ## - MAIN ENTRY--PERSONAL NAME
Author name CLIFTON, R.
245 ## - TITLE STATEMENT
Title Brands and Branding,
260 ## - PUBLICATION, DISTRIBUTION, ETC.
Place of publication, distribution, etc. New York,
Name of publisher, distributor, etc. Bloomberg Press,
Date of publication, distribution, etc. 2009.
300 ## - PHYSICAL DESCRIPTION
Extent xvii, 284,: ill.;
Other physical details Index
Dimensions 23cm
942 ## - ADDED ENTRY ELEMENTS (KOHA)
Source of classification or shelving scheme Dewey Decimal Classification
Koha item type Books
Holdings
Date last seen Total checkouts Full call number Barcode Cost, replacement price Price effective from Koha item type Lost status Source of classification or shelving scheme Damaged status Not for loan Withdrawn status Home library Current library Date acquired Cost, normal purchase price Shelving location
06/29/2025   658..827CLI DOM0003941 12000.00 06/29/2025 Books   Dewey Decimal Classification       CBE Dodoma CBE Dodoma 07/24/2011 40000.00  
06/29/2025   658..827CLI DOM000 4116 12000.00 06/29/2025 Books   Dewey Decimal Classification       CBE Dodoma CBE Dodoma 07/24/2011 40000.00 General Collection
06/29/2025   658..827CLI DOM000 4117 12000.00 06/29/2025 Books   Dewey Decimal Classification       CBE Dodoma CBE Dodoma 07/24/2011 40000.00 General Collection
06/29/2025   658..827CLI DOM000 4118 12000.00 06/29/2025 Books   Dewey Decimal Classification       CBE Dodoma CBE Dodoma 07/24/2011 40000.00 General Collection
06/29/2025   658..827CLI DOM000 4119 12000.00 06/29/2025 Books   Dewey Decimal Classification       CBE Dodoma CBE Dodoma 06/29/2025 40000.00 General Collection
06/29/2025   658..827CLI DOM000 4120 12000.00 06/29/2025 Books   Dewey Decimal Classification       CBE Dodoma CBE Dodoma 06/29/2025 40000.00 General Collection
06/29/2025   658..827CLI DOM000 4121 12000.00 06/29/2025 Books   Dewey Decimal Classification       CBE Dodoma CBE Dodoma 06/29/2025 40000.00 General Collection
06/29/2025   658..827CLI DOM0004486   06/29/2025 Books   Dewey Decimal Classification       CBE Dodoma CBE Dodoma 06/29/2025 40000.00 General Collection